000 01641nas1a22003011i 4500
001 RU\NLR\INFOCOMM10\1000304065
005 20240723101430.0
035 _a(NLR Aleph) 002340440
090 _a4480999
_c4480999
100 _a20041022c1991 |||y0rusy50 ca
101 0 _arus
102 _aRU
110 _azyu||||0|y0
200 1 _aСверхпроводниковая электроника
_eУказ. отеч. и иностр. лит.
_fАН СССР. Б-ка АН СССР, Физ.-техн. ин-т им. А.Ф. Иоффе АН СССР
210 _aЛ.
_cБАН
_d1991-
712 0 2 _aАН СССР
_bБиблиотека
_4570
712 0 2 _aРоссийская академия наук
_bБиблиотека
_4570
801 1 _aRU
_bInfoComm
_c20041022
801 0 _aRU
_bNLR
_gPSBO
852 _aNLR
_bС
_jП-1/1962
942 _cSE
980 _aRUSPER